Les communes de France ayant le plus de Monuments historiques - Statistiques

Statistiques générales
  • Ce quiz a été pris 114 fois
  • Le résultat moyen est 12 sur 26
Statistiques - réponses
Par images Hint Réponse % Correct
1855 Paris
100%
377 Bordeaux
87%
293 La Rochelle
77%
240 Lyon
69%
226 Toulouse
65%
210 Lille
59%
94 Nîmes
58%
117 Versailles
57%
230 Strasbourg
56%
252 Nancy
48%
100 Angers
46%
166 Orléans
42%
228 Rouen
42%
161 Avignon
41%
115 Montpellier
41%
127 Nantes
39%
94 Arles
36%
227 Arras
36%
180 Clermont-Ferrand
30%
96 Rennes
26%
191 Besançon
24%
112 Bourges
23%
213 Dijon
22%
123 Metz
20%
149 Tours
20%
161 Avignon
8%
Aucun quiz correspondant
Distribution des résultats
% des personnes avec chaque résultat
Percentile par nombre de réponses
Votre historique - résultats
Vous n’avez pas pris ce quiz